| 000 | 01897cas a22002895a 4500 | ||
|---|---|---|---|
| 001 | L129932 | ||
| 008 | 050606n xxkmr p 0 a0eng u | ||
| 022 | 1 | _a1465-1076 | |
| 035 | _a(Sirsi) u129932 | ||
| 041 | 0 | _aeng | |
| 110 | 2 |
_aRoyal Institution of Chartered Surveyors _bPublic Affairs _94679 |
|
| 240 | 1 | _aRICS Housing Market Survey United Kingdom | |
| 245 | 0 | 0 | _aRICS Housing Market Survey |
| 246 | _aRICS Residential Market Survey | ||
| 260 |
_aLondon _bRICS _c1988- |
||
| 362 | 0 | _aLondon: Quarter ending 31 January 1980- [incomplete holdings] | |
| 362 | 0 | _aEdinburgh: December 1995/February 1996- | |
| 520 | _aMonthly survey of RICS members' opinions of the housing market. Provides details of reports of price changes, property sales, stocks of property, newly agreed and expected sales, expected changes in prices, buyer enquiries, and new instruction. Includes tables of the proportion of surveyors reporting prices changes by property type within each band of price rise or fall. Gives regional figures and a summary of market comments from chartered surveyors. Covers England, Wales and Scotland. The free web version of the survey does not include some of the national analysis in the subscriber version. | ||
| 520 | _aFrom May 2006, the Survey covers the United Kingdom rather than Great Britain. | ||
| 520 | _aBecame the Residential Market Survey. | ||
| 650 | _aRICS HOUSING MARKET SURVEY GREAT BRITAIN | ||
| 651 | 4 | _aUnited Kingdom | |
| 690 | _aPROPERTY-RESIDENTIAL PROPERTY-RESIDENTIAL PROPERTY MARKET | ||
| 856 |
_uhttp://web.archive.org/web/20080208134320/https://www.rics.org/Practiceareas/Property/Residential/Market/market_surveys.htm _zArchive of older press releases about the Housing Market Survey |
||
| 856 |
_uhttps://www.rics.org/news-insights/market-surveys/uk-residential-market-survey _zAccess the Residential Market Survey here |
||
| 942 |
_n0 _2ddc |
||
| 999 |
_c118805 _d118805 |
||